NETWORK ANALYSIS (Record no. 18323)

MARC details
000 -LEADER
fixed length control field 00343nam a22001577a 4500
003 - CONTROL NUMBER IDENTIFIER
control field SGT
020 ## - INTERNATIONAL STANDARD BOOK NUMBER
International Standard Book Number 9789332550131
082 ## - DEWEY DECIMAL CLASSIFICATION NUMBER
Classification number 621.3851,VAL
100 ## - MAIN ENTRY--PERSONAL NAME
Personal name VALKENBURY,M.E.VAN
245 ## - TITLE STATEMENT
Title NETWORK ANALYSIS
250 ## - EDITION STATEMENT
Edition statement 3RD
260 ## - PUBLICATION, DISTRIBUTION, ETC. (IMPRINT)
Place of publication, distribution, etc CHENNAI
Name of publisher, distributor, etc PEARSON
Year of Publication 2016
300 ## - PAGE DESCRIPTION
No. of Pages 571
650 ## - SUBJECT ADDED ENTRY--TOPICAL TERM
Topical term or geographic name as entry element ELECTRICAL ENGINEERING
942 ## - ADDED ENTRY ELEMENTS (KOHA)
Source of classification or shelving scheme Dewey Decimal Classification
Koha item type Books
Holdings
Withdrawn status Lost status Source of classification or shelving scheme Damaged status Not for loan Collection code Home library Current library Shelving location Date acquired Vendor Name Cost, normal purchase price SGTU Bill Number Total Checkouts Full call number Accession No. (Barcode) Date last seen Bill Date Koha item type Use restrictions
    Dewey Decimal Classification     ENGINEERING SGT Engineering Library SGT Engineering Library Text Book 19/06/2019 KIRTI PRAKASHAN 529.00 SGTU IN3435   621.3851,VAL FE7388 19/06/2019 29/03/2019 Books  
    Dewey Decimal Classification   Not For Loan ENGINEERING SGT Engineering Library SGT Engineering Library Reference Book 19/06/2019 KIRTI PRAKASHAN 529.00 SGTU IN3435   621.3851,VAL FE7389 19/06/2019 29/03/2019 Books Restricted Access